00537nam a2200193 a 4500001001300000003000900013005001700022008004100039020002200080082001800102100001700120245006600137260003800203300000800241500003500249505001700284650002500301700001700326nice12345678IN_TiNIC20260116014810.0111021s2011 newa grp 000 0 eng  a9788189524661c3500a291.5622bSEN aSen, Ronojoy aLegalizing Religionb The Indian Supreme Court and Secularism aNew Delhi bCritical Quest c2011 a48p aincludes index and biblioraphy2 aBibliography aReligion and Justice1 aSen, Ronojoy